Palloni d'Oro inglesi - Statistics

Statistiche generali
  • Questo quiz è stato fatto 19 volte
  • Il punteggio medio è 3 su 5
Statistiche sulle risposte
Edizione Squadra Calciatore % Corretto
1966 Manchester United Bobby Charlton
88%
1968 Manchester United George Best
63%
1978 Amburgo Kevin Keegan
50%
1979 Amburgo Kevin Keegan
50%
1956 Blackpool Stanley Matthews
38%
Nessun quiz corrispondente trovato
Distribuzione punteggi
Percentuale di utenti per punteggio
Percentile per numero di risposta
I tuoi punteggi nel tempo
Non hai fatto questo quiz